<?xml version="1.0" encoding="UTF-8"?>
<record
    xmlns:xsi="http://www.w3.org/2001/XMLSchema-instance"
    xsi:schemaLocation="http://www.loc.gov/MARC21/slim http://www.loc.gov/standards/marcxml/schema/MARC21slim.xsd"
    xmlns="http://www.loc.gov/MARC21/slim">

  <leader>00539nam a22001577a 4500</leader>
  <controlfield tag="003">OSt</controlfield>
  <controlfield tag="005">20150912131007.0</controlfield>
  <controlfield tag="008">150912b        xxu||||| |||| 00| 0 eng d</controlfield>
  <datafield tag="040" ind1=" " ind2=" ">
    <subfield code="c">RUA</subfield>
  </datafield>
  <datafield tag="082" ind1=" " ind2=" ">
    <subfield code="a">AGR HAN 1997 B018 Or.1</subfield>
  </datafield>
  <datafield tag="100" ind1=" " ind2=" ">
    <subfield code="9">316</subfield>
    <subfield code="a">HANG, SOCHENDA</subfield>
  </datafield>
  <datafield tag="245" ind1=" " ind2=" ">
    <subfield code="a">Robber blantation management in chup company &#x1780;&#x17B6;&#x179A;&#x1784;&#x17B6;&#x179A;&#x1790;&#x17C2;&#x1791;&#x17B6;&#x17C6;&#x178A;&#x17C6;&#x178E;&#x17B6;&#x17C6;&#x1780;&#x17C5;&#x179F;&#x17CA;&#x17BC;&#x1793;&#x17C5;&#x1780;&#x17D2;&#x179A;&#x17BB;&#x1798;&#x17A0;&#x17CA;&#x17BB;&#x1793;&#x1785;&#x17C6;&#x1780;&#x17B6;&#x179A;&#x1780;&#x17C5;&#x179F;&#x17CA;&#x17BC;&#x1787;&#x17BB;&#x1794;</subfield>
  </datafield>
  <datafield tag="260" ind1=" " ind2=" ">
    <subfield code="a">Phnom Penh </subfield>
    <subfield code="b">RUA</subfield>
    <subfield code="c">1997</subfield>
  </datafield>
  <datafield tag="300" ind1=" " ind2=" ">
    <subfield code="a">80p.</subfield>
    <subfield code="b">ill.</subfield>
    <subfield code="c">29cm.</subfield>
  </datafield>
  <datafield tag="942" ind1=" " ind2=" ">
    <subfield code="2">ddc</subfield>
    <subfield code="c">AGR</subfield>
  </datafield>
  <datafield tag="999" ind1=" " ind2=" ">
    <subfield code="c">296</subfield>
    <subfield code="d">296</subfield>
  </datafield>
  <datafield tag="952" ind1=" " ind2=" ">
    <subfield code="0">0</subfield>
    <subfield code="1">0</subfield>
    <subfield code="2">ddc</subfield>
    <subfield code="4">0</subfield>
    <subfield code="6">AGR_HAN_1997_000000000000000_B018_OR_1</subfield>
    <subfield code="7">0</subfield>
    <subfield code="9">1325</subfield>
    <subfield code="a">LBB</subfield>
    <subfield code="b">LBB</subfield>
    <subfield code="c">B018</subfield>
    <subfield code="d">2015-09-12</subfield>
    <subfield code="l">2</subfield>
    <subfield code="o">AGR HAN 1997 B018 Or.1</subfield>
    <subfield code="p">RUA004229</subfield>
    <subfield code="r">2018-11-16</subfield>
    <subfield code="s">2018-11-05</subfield>
    <subfield code="w">2015-09-12</subfield>
    <subfield code="y">AGR</subfield>
  </datafield>
  <datafield tag="952" ind1=" " ind2=" ">
    <subfield code="0">0</subfield>
    <subfield code="1">0</subfield>
    <subfield code="2">ddc</subfield>
    <subfield code="4">0</subfield>
    <subfield code="6">AGR_HAN_1997_000000000000000_B018_OR_2</subfield>
    <subfield code="7">0</subfield>
    <subfield code="9">1326</subfield>
    <subfield code="a">LBB</subfield>
    <subfield code="b">LBB</subfield>
    <subfield code="c">B018</subfield>
    <subfield code="d">2015-09-12</subfield>
    <subfield code="o">AGR HAN 1997 B018 Or.2</subfield>
    <subfield code="p">RUA004231</subfield>
    <subfield code="r">2015-09-12</subfield>
    <subfield code="w">2015-09-12</subfield>
    <subfield code="y">AGR</subfield>
  </datafield>
  <datafield tag="952" ind1=" " ind2=" ">
    <subfield code="0">0</subfield>
    <subfield code="1">0</subfield>
    <subfield code="2">ddc</subfield>
    <subfield code="4">0</subfield>
    <subfield code="6">AGR_HAN_1997_000000000000000_B018_OR_3</subfield>
    <subfield code="7">0</subfield>
    <subfield code="9">1327</subfield>
    <subfield code="a">LBB</subfield>
    <subfield code="b">LBB</subfield>
    <subfield code="c">B018</subfield>
    <subfield code="d">2015-09-12</subfield>
    <subfield code="o">AGR HAN 1997 B018 Or.3</subfield>
    <subfield code="p">RUA005132</subfield>
    <subfield code="r">2015-09-12</subfield>
    <subfield code="w">2015-09-12</subfield>
    <subfield code="y">AGR</subfield>
  </datafield>
  <datafield tag="952" ind1=" " ind2=" ">
    <subfield code="0">0</subfield>
    <subfield code="1">0</subfield>
    <subfield code="2">ddc</subfield>
    <subfield code="4">0</subfield>
    <subfield code="6">AGR_HAN_1997_000000000000000_B018_OR_4</subfield>
    <subfield code="7">0</subfield>
    <subfield code="9">1328</subfield>
    <subfield code="a">LBB</subfield>
    <subfield code="b">LBB</subfield>
    <subfield code="c">B018</subfield>
    <subfield code="d">2015-09-12</subfield>
    <subfield code="o">AGR HAN 1997 B018 Or.4</subfield>
    <subfield code="p">RUA004300</subfield>
    <subfield code="r">2015-09-12</subfield>
    <subfield code="w">2015-09-12</subfield>
    <subfield code="y">AGR</subfield>
  </datafield>
  <datafield tag="952" ind1=" " ind2=" ">
    <subfield code="0">0</subfield>
    <subfield code="1">0</subfield>
    <subfield code="2">ddc</subfield>
    <subfield code="4">0</subfield>
    <subfield code="6">AGR_HAN_1997_000000000000000_B018_OR_5</subfield>
    <subfield code="7">0</subfield>
    <subfield code="9">1329</subfield>
    <subfield code="a">LBB</subfield>
    <subfield code="b">LBB</subfield>
    <subfield code="c">B018</subfield>
    <subfield code="d">2015-09-12</subfield>
    <subfield code="o">AGR HAN 1997 B018 Or.5</subfield>
    <subfield code="p">RUA004230</subfield>
    <subfield code="r">2015-09-12</subfield>
    <subfield code="w">2015-09-12</subfield>
    <subfield code="y">AGR</subfield>
  </datafield>
  <datafield tag="952" ind1=" " ind2=" ">
    <subfield code="0">0</subfield>
    <subfield code="1">0</subfield>
    <subfield code="2">ddc</subfield>
    <subfield code="4">0</subfield>
    <subfield code="6">AGR_HAN_1997_000000000000000_B018_OR_6</subfield>
    <subfield code="7">0</subfield>
    <subfield code="9">1330</subfield>
    <subfield code="a">LBB</subfield>
    <subfield code="b">LBB</subfield>
    <subfield code="c">B018</subfield>
    <subfield code="d">2015-09-12</subfield>
    <subfield code="o">AGR HAN 1997 B018 Or.6</subfield>
    <subfield code="p">RUA005202</subfield>
    <subfield code="r">2015-09-12</subfield>
    <subfield code="w">2015-09-12</subfield>
    <subfield code="y">AGR</subfield>
  </datafield>
  <datafield tag="952" ind1=" " ind2=" ">
    <subfield code="0">0</subfield>
    <subfield code="1">0</subfield>
    <subfield code="2">ddc</subfield>
    <subfield code="4">0</subfield>
    <subfield code="6">AGR_HAN_1997_000000000000000_B018_OR_7</subfield>
    <subfield code="7">0</subfield>
    <subfield code="9">1331</subfield>
    <subfield code="a">LBB</subfield>
    <subfield code="b">LBB</subfield>
    <subfield code="c">B018</subfield>
    <subfield code="d">2015-09-12</subfield>
    <subfield code="o">AGR HAN 1997 B018 Or.7</subfield>
    <subfield code="p">RUA004078</subfield>
    <subfield code="r">2015-09-12</subfield>
    <subfield code="w">2015-09-12</subfield>
    <subfield code="y">AGR</subfield>
  </datafield>
  <datafield tag="952" ind1=" " ind2=" ">
    <subfield code="0">0</subfield>
    <subfield code="1">0</subfield>
    <subfield code="2">ddc</subfield>
    <subfield code="4">0</subfield>
    <subfield code="6">AGR_HAN_1997_000000000000000_B018_OR_8</subfield>
    <subfield code="7">0</subfield>
    <subfield code="9">1332</subfield>
    <subfield code="a">LBB</subfield>
    <subfield code="b">LBB</subfield>
    <subfield code="c">B018</subfield>
    <subfield code="d">2015-09-12</subfield>
    <subfield code="o">AGR HAN 1997 B018 Or.8</subfield>
    <subfield code="p">RUA004146</subfield>
    <subfield code="r">2015-09-12</subfield>
    <subfield code="w">2015-09-12</subfield>
    <subfield code="y">AGR</subfield>
  </datafield>
  <datafield tag="952" ind1=" " ind2=" ">
    <subfield code="0">0</subfield>
    <subfield code="1">0</subfield>
    <subfield code="2">ddc</subfield>
    <subfield code="4">0</subfield>
    <subfield code="6">AGR_HAN_1997_000000000000000_B018_OR_9</subfield>
    <subfield code="7">0</subfield>
    <subfield code="9">5722</subfield>
    <subfield code="a">LBB</subfield>
    <subfield code="b">LBB</subfield>
    <subfield code="c">B018</subfield>
    <subfield code="d">2015-09-27</subfield>
    <subfield code="o">AGR HAN 1997 B018 Or.9</subfield>
    <subfield code="p">RUA008447</subfield>
    <subfield code="r">2015-09-27</subfield>
    <subfield code="w">2015-09-27</subfield>
    <subfield code="y">AGR</subfield>
  </datafield>
</record>
